Statistics for Eastern Europe

Click here to take the quiz!

General Stats

  • This quiz has been taken 179 times
  • The average score is 21 of 23

Answers on the Map

Answers color-coded by a green-red scale on the quiz's map according to % correct below.
 

Answer Stats

Country% Correct
Russia
99%
Poland
98%
Latvia
97%
Finland
95%
Czech
Republic
94%
Greece
94%
Ukraine
94%
Albania
93%
Belarus
93%
Bulgaria
93%
Estonia
93%
Lithuania
93%
Romania
92%
Slovakia
92%
Bosnia and
Herzegovina
91%
Kosovo
91%
Slovenia
91%
Hungary
90%
Croatia
89%
Serbia
87%
Moldova
86%
Macedonia
85%
Montenegro
80%

Score Distribution

Percentile by Number Answered

Percent of People with Each Score

Your Score History

You have not taken this quiz